00983nam a22002777a 4500003000500000005001700005008004100022010001000063011001100073035001100084040000900095082002000104110007400124245015500198260007900353300001900432650003100451650002700482650002200509650002800531650002500559650003500584650002300619700003600642700002700678CHAP20220817044356.0100920s2009 mx a r 00010 spa d a99296 a100268 a110954 cCHAP04a630.097247bUa12 aUACH.bDepartamento de Preparatoria Agrícola. Área de Agronomía10aReporte final viaje generacional ruta Tlaxcala - Veracruz 2008 - 2009 grupo : 1 17c/por Marcela Jiménez Velázquez y Himelda Orozco Aburto aChapingo, Méx. :bUACH. Departamento de Preparatoria Agrícola,c[2009] a78 h. :bilus.14aAgricultura y ganadería.14aAgriculturazVeracruz.14aCafézVeracruz.14aCitriculturaxVeracruz.14aComunidades rurales.14aTlaxcalaxDescripcion y viaje.14aViajes de estudio.0 aJiménez Velázquez, Marcela.1 aOrozco Aburto, Himelda